Sports Quiz

Random Sports or NBA Quiz

Yearly Top 10 NBA Scorers (2000s) Quiz Stats

 Plays Quiz not verified by Sporcle

Challenge
Share
Tweet
Embed
Score 0/48 Timer 15:00
0 Plays Today
% Correct
LeBron James
90.5%
Tracy McGrady
90.5%
Kevin Durant
90.2%
Dirk Nowitzki
90.2%
Shaquille O'Neal
89.9%
Kobe Bryant
89%
Dwyane Wade
88%
Allen Iverson
87.7%
Paul Pierce
87.1%
Vince Carter
86.4%
Carmelo Anthony
86.4%
Tim Duncan
86.4%
Kevin Garnett
85.5%
Gilbert Arenas
84.5%
Derrick Rose
84.5%
Amare Stoudemire
83.9%
Ray Allen
81.1%
Joe Johnson
80.1%
Chris Bosh
79.8%
Dwight Howard
77.9%
Monta Ellis
77.3%
Michael Redd
76.7%
Chris Webber
75.4%
Karl Malone
74.4%
% Correct
Russell Westbrook
74.4%
Kevin Love
74.1%
Jerry Stackhouse
71%
Blake Griffin
69.4%
Danny Granger
69.1%
Peja Stojakovic
65.9%
Brandon Roy
64.7%
Antawn Jamison
64.4%
Chris Paul
59%
Deron Williams
59%
Kevin Martin
58.4%
Stephon Marbury
58%
LaMarcus Aldridge
57.4%
Zach Randolph
53.6%
Antoine Walker
53.3%
Jason Richardson
46.4%
Grant Hill
45.4%
Allan Houston
42.6%
Baron Davis
42.3%
Michael Finley
40.4%
Ben Gordon
40.1%
Gary Payton
35.3%
Richard Jefferson
30%
Stephen Jackson
29%

You're not logged in!

Compare scores with friends on all Sporcle quizzes.
OR
Log In

You Might Also Like...

Show Comments

Extras

Top Quizzes Today


Score Distribution

Your Account Isn't Verified!

In order to create a playlist on Sporcle, you need to verify the email address you used during registration. Go to your Sporcle Settings to finish the process.

Report this User

Report this user for behavior that violates our Community Guidelines.

Details: